Medios de comunicación y procesos electorales : un compromiso para el futuro /
Na minha lista:
| Outros Autores: | , , , |
|---|---|
| Formato: | Livro |
| Idioma: | espanhol |
| Publicado em: |
México :
Congreso de la Unión, Cámara de Diputados, Comisión de Radio, Televisión y Cinematografía,
2000, c2000
|
| Assuntos: | |
| Tags: |
Sem tags, seja o primeiro a adicionar uma tag!
|
MARC
| LEADER | 00000nam^a2200000^a^4500 | ||
|---|---|---|---|
| 001 | 000112022 | ||
| 005 | 20250521000000.0 | ||
| 009 | 20260310093851.814 | ||
| 037 | |a Acervo ITESO - Biblioteca | ||
| 041 | |a ESP | ||
| 082 | |a 324. 7309720640 |b MED | ||
| 245 | 1 | 0 | |a Medios de comunicación y procesos electorales : |b un compromiso para el futuro / |c Introd. de Rocío Morgan Franco. |
| 264 | 4 | |a México : |b Congreso de la Unión, Cámara de Diputados, Comisión de Radio, Televisión y Cinematografía, |c 2000, c2000 | |
| 300 | |a 338 p. | ||
| 336 | |a texto |b txt |2 rdacontenido | ||
| 337 | |a sin mediación |b n |2 rdamedio | ||
| 338 | |a volumen |b nc |2 rdasoporte | ||
| 649 | |a XX | ||
| 650 | |a Campaña Electoral - |z México | ||
| 650 | |a Elecciones - |z México - |x Historia - |y 1994-2000 - |x Tema Principal | ||
| 650 | |a Medios de Comunicación | ||
| 650 | |a Propaganda - |z México | ||
| 650 | |a Comunicación y Política - |z México - |x Historia - |y 1994-2000 - |x Tema Principal | ||
| 650 | |a Comunicación Masiva - |z México | ||
| 650 | |a Política - |z México - |x Historia - |y 1994-2000 | ||
| 650 | |a Camacho Solís, Manuel | ||
| 700 | |a Fox Quesada, Vicente |e (autor) | ||
| 700 | |a Labastida Ochoa, Francisco |e (autor) | ||
| 700 | |a Muñoz Ledo, Porfirio |e (autor) | ||
| 700 | |a Rincón Gallardo, Gilberto |e (autor) | ||
| 910 | |a Fondo General | ||
| 920 | |a Impresos - Libros | ||
| 930 | |a Colección General | ||
| 905 | |a 101 | ||
| 901 | |a 0500048749 |b IT1 |c ACC |u 20250521 | ||
| 901 | |a 0500046291 |b IT1 |c ACC |u 20250521 | ||
| 902 | |a https://opac.biblio.iteso.mx/vufind/Record/000112022 | ||